000 00436nam a2200193Ia 4500
008 210210b1935 xxu||||| |||| 00| 0 eng d
041 _aeng
082 _a829/348
100 _aDUNSANY (Lord)
245 _aCurse of the wise woman
260 _aLondon
_bWilliam Heinemann Ltd.
_c1935
650 _awoman
650 _awise
650 _athe
650 _aof
650 _aCurse
690 _aEnglish Fiction
906 _a016952
999 _c136888
_d136888